• 首页
  • 本馆介绍
  • 公告通知
  • 最新文献
  • 馆藏检索
  • 电子资源
  • 读者导购
  • 参考咨询
  • 我的图书馆
  • 登录
  • 详细信息显示
  • 放入我的书架
  • 预约/预借图书
  • 作者相关作品
  • 分类相关作品
  • 丛书相关作品
  • 出版社相关作品

书目信息

  • 表格格式
  • 工作单格式
  • 卡片格式
题名:
人间自是有情痴
    
 
作者: 吴淡如 编著
分册:  
出版信息: 北京   国际文化出版公司  2016
页数: 198页
开本: 21cm
丛书名:
单 册:
中图分类: I207.227.42 , I207.23
科图分类:
主题词: 唐诗--tang shi--诗歌欣赏 , 宋词--song ci--诗歌欣赏
电子资源:
ISBN: 978-7-5125-0889-7
000 00981nam0 22002771 450
001 0118172410
005 20170618172410.0
010    @a978-7-5125-0889-7@b精装@dCNY38.00
100    @a20170105d2016 em y0chiy50 ea
101 0  @achi
102    @aCN@b110000
105    @ay z 000yy
106    @ar
200 1  @a人间自是有情痴@Aren jian zi shi you qing chi@e吴淡如诗词译语@f吴淡如编著
210    @a北京@c国际文化出版公司@d2016
215    @a198页@d21cm
305    @a经作者吴淡如授权出版
330    @a本书内容包括:思君如满月,夜夜减清辉;忽见陌头杨柳色,悔教夫婿觅诸侯;去年今日此门中,人面桃花相映红;曾经沧海难为水,除却巫山不是云;君问归期未有期,巴山夜雨涨秋池等。
517 1  @a吴淡如诗词译语@Awu dan ru shi ci yi yu
606 0  @a唐诗@Atang shi@x诗歌欣赏
606 0  @a宋词@Asong ci@x诗歌欣赏
690    @aI207.227.42@v5
690    @aI207.23@v5
701  0 @a吴淡如@Awu dan ru@4编著
801  0 @aCN@bTANGWEI@c20170616
905    @b1009839-44@dI207.227.42@e1027@f6
    
    人间自是有情痴:吴淡如诗词译语/吴淡如编著.-北京:国际文化出版公司,2016
    198页;21cm
    
    
    ISBN 978-7-5125-0889-7(精装):CNY38.00
    本书内容包括:思君如满月,夜夜减清辉;忽见陌头杨柳色,悔教夫婿觅诸侯;去年今日此门中,人面桃花相映红;曾经沧海难为水,除却巫山不是云;君问归期未有期,巴山夜雨涨秋池等。
●
相关链接 在E读中查询图书 在五车中查询图书 在当当中查询图书 在豆瓣中查询图书


正题名:人间自是有情痴     索取号:I207.227.42/1027         预约/预借

序号 登录号 条形码 馆藏地/架位号 状态 备注
1 1009839   210098393   第一样本阅览室/ [索取号:I207.227.42/1027] 在馆    
2 1009840   210098400   教育系资料室/ [索取号:I207.227.42/1027] 在馆    
3 1009841   210098419   教育系资料室/ [索取号:I207.227.42/1027] 在馆    
4 1009842   210098428   教育系资料室/ [索取号:I207.227.42/1027] 在馆    
5 1009843   210098437   第二借阅区/ [索取号:I207.227.42/1027] 在馆    
6 1009844   210098446   第二借阅区/ [索取号:I207.227.42/1027] 在馆    
唐山师范学院图书馆 欢迎您!
大连网信软件有限公司© 版权所有